000 01328aab a2200241 i 4500
001 768714001
003 CO-MdFUSB
005 20240704115751.0
008 240704t1995 sz ||||| |||| 00| 0 eng d
040 _bspa
_cCO-MdFUSB
041 _aeng
100 1 _aMitchell, Sarah
_eautor
245 1 0 _aStanding at the burning bush :
_bwomen's experience in the presbyterian church of Aotearoa New Zealand
_c/ Sarah Mitchell
520 _aLa Iglesia Presbiteriana de Aotearoa Nueva Zelanda (PCANZ) existe desde hace poco más de ciento cincuenta años. En la Asamblea General de 1990 se llevaron a cabo celebraciones para conmemorar el centenario. Este momento parecía una buena oportunidad para reflexionar sobre los últimos años, especialmente de cara al siglo XXI. Este artículo trata sobre la situación de la mujer hasta 1990. Es un intento de dar cuenta de las experiencias de las mujeres en su congregación..
546 _aTexto en inglés.
650 0 _aHistoria de la Iglesia
_9153
650 0 _aMujeres
_xAspectos religiosos
_xCristianismo
_9326
650 7 _aMujeres
_xDerechos
_9325
650 7 _aAntropología cultural y social
_96714
773 0 _tReformed World
_049396
_959539
_gVolumen 45, (número 2, 1995) páginas: 72 - 86
_qpágina: 72
942 _cANA
945 _aCatherine Arias Álvarez - Practicante SENA
999 _c55392
_d55392